Responses for show #7523 - Wednesday, May 3, 2017

Contestants

Ragavan Ramsubramani, a financial analyst from New York, New York

Krista Denn, a human resources manager from Brooklyn Park, Minnesota

Liz Fischer, an attorney from Philadelphia, Pennsylvania (whose 1-day cash winnings total $25,601)

Jeopardy! Round responses

AYE, AYE, ADMIRAL
WHICH BODY PART?
ALFALFA
12-LETTER WORDS
ACCESSORIES
NAME'S EXACTLY THE SAME
    $200 26
the Spanish Armada

Ragavan
    $200 10
the lungs

Liz
    $200 27
sprouts

Liz
    $200 1
alliteration

Triple Stumper
    $200 2
belt

Ragavan
    $200 4
Anne Hathaway

Liz
    $400 25
da Gama

Ragavan
    $400 11
the kidneys

Liz
    $400 28
weevil

Ragavan
    $400 15
malnutrition

Liz
    $400 3
(Liz: What is a sari?)

a stole

Liz
Triple Stumper
    $400 5
Jane Seymour

Liz
    $600 9
(William) Bligh

Liz
    $600 12
the brain

Ragavan
    $600 22
(Liz: What is Iowa?)

California

Liz
Triple Stumper
    $600 19
(Liz: What is manipulation?)
(Krista: What is manipulating?)

manipulative

LizKristaRagavan
    $600 16
Fair Isle

Triple Stumper
    $600 6
Steve McQueen

Liz
    $800 23
(David) Farragut

Ragavan
    $800 13
the foot

Liz
    $1,500 29
nitrogen

Ragavan
    $800 20
acceleration

Ragavan
    $800 17
chandelier

Liz
    $800 7
Jon Favreau

Ragavan
    $1000 24
the U.S.S. Missouri

Ragavan
    $1000 14
(Krista: What is elbow?)

frozen shoulder

Krista
Triple Stumper
    $1000 30
Arabic

Liz
    $1000 21
noncombatant

Ragavan
    $1000 18
Herm├Ęs

Liz
    $1000 8
(Krista: Who is Robert Taylor?)

Roger Taylor

Krista
Triple Stumper

Scores at the first commercial break (after clue 15):

Liz Krista Ragavan
$3,200 -$2,000 $1,600

Scores at the end of the Jeopardy! Round:

Liz Krista Ragavan
$5,000 -$2,600 $8,300

Double Jeopardy! Round responses

AN ENVIRONMENTAL CATEGORY
WOMEN AUTHORS
A MATTER OF FAITH
WHERE YA FROM?
SUPERHERO TV SUPPORTING CHARACTERS
(Alex: You have to identify the series currently on television.)
IT'S "DA" END
    $400 30
carbon dioxide

Ragavan
    $400 7
"America The Beautiful"

Liz
    $400 26
the Book of Mormon

Liz
    $400 6
a Hoosier

Liz
    $400 23
Supergirl

Ragavan
    $400 1
[ERRATUM: "it's original sense" should read "its original sense."]

propaganda

Liz
    $800 29
plastic

Ragavan
    $800 8
The Outsiders

Ragavan
    $800 25
(Alex: With less than a minute to go now.)

Coptics

Liz
    $2,000 19
Cheshire

Krista
    $800 18
Gotham

Krista
    $800 2
memoranda

Krista
    $1200 24
the endangered species list

Ragavan
    $1200 9
(Ragavan: Who is Diana Galbadon?)

Gabaldon

Ragavan
Triple Stumper
    $1200 12
Voodoo

Ragavan
    $1200 20
trolls

Ragavan
    $1200 15
Agents of S.H.I.E.L.D.

Ragavan
    $1200 3
enchilada

Liz
    $1600 28
strip mining

Ragavan
    $2,000 10
(Alex: Ragavan?)
(Ragavan: Uh...)
(Alex: Who is [*] of Out of Africa?)

Isak Dinesen

Ragavan
    $1600 13
St. Augustine

Ragavan
    $1600 21
Abu Dhabi

Ragavan
    $1600 16
The Flash

Ragavan
    $1600 4
a coda

Liz
    $2000 27
strontium

Triple Stumper
    $2000 11
The Women of Brewster Place

Triple Stumper
    $2000 14
John Knox

Triple Stumper
    $2000 22
Buenos Aires

Triple Stumper
    $2000 17
Daredevil

Triple Stumper
    $2000 5
Zenda

Krista

Scores at the end of the Double Jeopardy! Round:

Liz Krista Ragavan
$10,200 $3,000 $18,700

[wagering suggestions for these scores]

Final Jeopardy! Round responses

MOVIE MUSIC
(Alex: [To Liz] From Casablanca.)
KristaWhat is Singin' in the Rain
$1,000
LizWhat is As Time Goes By
$8,600
RagavanWhat is As Time Goes By?
$1,701
"As Time Goes By"

Final scores:

Liz Krista Ragavan
$18,800 $2,000 $20,401
2nd place: $2,000 3rd place: $1,000 New champion: $20,401

Game dynamics:

Coryat scores:

Liz Krista Ragavan
$10,200 $1,800 $20,000
19 R,
3 W
4 R
(including 1 DD),
3 W
24 R
(including 1 DD),
2 W
(including 1 DD)

Combined Coryat: $32,000

The J! Archive is created by fans, for fans. The Jeopardy! game show and all elements thereof, including but not limited to copyright and trademark thereto, are the property of Jeopardy Productions, Inc. and are protected under law. This website is not affiliated with, sponsored by, or operated by Jeopardy Productions, Inc. Join the discussion at JBoard.tv.